DCI Non-Finalist 2011 Quiz Stats

 Plays Quiz not verified by Sporcle

Challenge
Share
Tweet
Embed
Score 0/6 Timer 03:00
0 Plays Today
Show Title Corp % Correct
REThe Academy
80%
The Road HomeThe Troopers
80%
CelebratePioneer
70%
Sinivation 7Teal Sound
56.7%
My Mortal BelovedThe Glassmen
46.7%
Push, Pull, Twist, TurnPasific Crest
20%

You're not logged in!

Compare scores with friends on all Sporcle quizzes.
Join for Free
OR
Log In

You Might Also Like...

Show Comments

Extras

Created Jan 31, 2012ReportNominate
Tags:Show Quiz, 2011, corp, dci

Top Quizzes Today


Score Distribution

Your Account Isn't Verified!

In order to create a playlist on Sporcle, you need to verify the email address you used during registration. Go to your Sporcle Settings to finish the process.

Report this User

Report this user for behavior that violates our Community Guidelines.

Details: